000 00971nam a2200253Ia 4500
003 GCL
008 140319s9999 xx 000 0 ara d
040 _aGCL /
_cGCL
082 0 4 _a189.3
_bع ف
100 1 _aعبدالامير ز. شمس الدين
245 1 0 _aالفكر التربوى عند الغزالى /
_cعبدالامير ز. شمس الدين
250 _aالاولى
260 _aبيروت :
_bالشركة العالمية للكتاب ش م ل ،
_c1990
300 _a268 ص ؛
_c23 سم
490 _aموسوعة الفكر التربوى العربى الاسلامى. قطاع الفقهاء
_v0
650 0 4 _aالفلسفة الاسلامية
650 0 4 _aالتصوف الاسلامى
650 0 4 _aالحركات الفكرية عند المسلمين
650 0 4 _aالفلاسفة المسلمون
650 0 4 _aالغزالى
650 0 4 _aفلسفة السنة
650 0 4 _aالاسلام - فلسفة
942 _2ddc
_cBK
999 _c4886
_d4886